000 00704nam a2200193 i 4500
001 124856
003 ES-MaACL
005 20230906192518.0
007 t|
008 070423s1932 sp ||||1| spa d
245 0 0 _aDecreto creando un servicio para el fomento y régimen de la previsión contra el paro involuntario de trabajo.
250 _a2ª ed.
260 _aMadrid :
_b[s.n.],
_c1932 (
_fOficina Tipográfica del Instituto Nacional de Previsión)
300 _a11 p. ;
_c20 cm.
490 1 _aPublicaciones del Instituto Nacional de Previsión ;
_v321
830 0 _aPublicaciones del Instituto Nacional de Previsión ;
_v321
_9181151
852 _aES-MaACL
_jC-12655(4)
999 _c124856
_d124856